00622nam a2200217 a 450000100060000000300080000600500170001400800410003103500190007204000260009104100080011708200220012510000170014724500820016425000170024626000420026330000180030550500330032365000140035670000340037052398BD-RjUL20211209075811.0160920s1953 ii ||||| |||| 00| 0 eng d a(BD-RjUL)52518 aBD-RjULbengcBD-RjUL aeng 223a368bGHI 19531 aGhosh, M. K.10aInsurance principles, practice & legislation / cM. K. Ghosh and A N Agarwala a4th rev. ed. aAllahabad :bThe Indian press, c1953 av. ;c21 cm. 0 aPart 2 : (Life insurance) -- aInsurance aAgarwala, A. N., joint author